=LDR 00000nam 2200000 4500 =001 INLIS000000000035825 =005 20130612141643 =008 ***********************************Ind** =035 ##$$0010-061300000035825 =041 ##$$a Ind =082 ##$$a 398.209 598 21 =090 ##$$a 398.209 598 21, Aff d =100 ##$$a Affandi,Soleh =245 ##$$a Dyah Pitaloka, The Princess of Pajajaran =260 ##$$a `1994 $b Jakarta =300 ##$$a 68 hlm., ilus., 21 cm =650 ##$$a Ceritra Rakyat =850 ##$$a NBPNMAT